Encyclopaedia Britannica book of the year 2004

Gespeichert in:
Bibliographische Detailangaben
Format: Buch
Sprache:Englisch
Veröffentlicht: Chicago Encyclopaedia Britannica 2004
Schlagworte:
Tags: Tag hinzufügen
Keine Tags, Fügen Sie das erste Tag hinzu!

MARC

LEADER 00000nam$a2200000$$$4500
001 0037051
005 20240315115224.7
020 |a 1-59339-100-5 
022 |a 0068-1156 
041 0 |a eng 
044 |a US 
245 1 0 |a Encyclopaedia Britannica  |b book of the year 2004 
264 1 |a Chicago  |b Encyclopaedia Britannica  |c 2004 
300 |a 904 s. 
610 2 0 |a svet 
610 2 0 |a informácie ekonomické 
610 2 0 |a informácie faktografické 
610 2 0 |a informácie geografické 
610 2 0 |a informácie sociálno-ekonomické 
610 2 0 |a demografia 
610 2 0 |a údaje štatistické medzinárodné